Normal view
MARC view
- Hegel, Georg Wilhelm Friedrich
Entry Personal Name
001 - CONTROL NUMBER
- control field: 134385
003 - CONTROL NUMBER IDENTIFIER
- control field: NUST
005 - DATE AND TIME OF LATEST TRANSACTION
- control field: 20260508113906.0
008 - FIXED-LENGTH DATA ELEMENTS
- fixed length control field: 260508|| aca||aabn | a|a d
040 ## - CATALOGING SOURCE
- Original cataloging agency: NUST
- Transcribing agency: NUST
100 ## - HEADING--PERSONAL NAME
- Personal name: Hegel, Georg Wilhelm Friedrich
670 ## - SOURCE DATA FOUND
- Source citation: Work cat.: (NUST): Hegel, Georg Wilhelm Friedrich., Great Books of the Western World Vol 46 Hegel /, 1952.
